000 00800cam a22002657a 4500
003 CHAP
005 20220329141718.0
008 971013s r 00010 d
010 _a72661
011 _a73633
035 _a83191
040 _cCHAP
090 _aR-653
100 0 0 _aGarcía-Colín Scherer, Leopoldo.
_946822
245 1 4 _aThe Chapman-Eriskog solution of the generalized Boltzmann equation
500 _aSobretiro de : Physica 32:450-478, 1966
590 _aBATCH-UPD
_b10
_c20130110
_lUCH01
_h1938
590 _aBATCH-UPD
_b10
_c20130410
_lUCH01
_h1302
590 _aBATCH-UPD
_b10
_c20130914
_lUCH01
_h1301
590 _aCONVERSION
_b10
_c20130109
_lUCH01
_h1340
650 1 4 _aEcuaciones.
_935304
901 _aBK
942 _cREIMP
949 _aR-653
_bBC
_cR
_d-37604
_eTS1
_i83191
_si
999 _c72661
_d72661